| 000 | 00564nam a22001937a 4500 | ||
|---|---|---|---|
| 003 | OSt | ||
| 005 | 20140310181804.0 | ||
| 008 | 130704t xxu||||| |||| 00| 0 eng d | ||
| 020 | _a9781426203459 | ||
| 050 |
_aG 123 _b.N277 2009 |
||
| 082 |
_aREF 910 _bN277 2009 |
||
| 245 |
_aNational geographic answer book : _bfast facts about our world / |
||
| 260 |
_aWashington, USA : _bNational Geographic, 2009. _c2009. |
||
| 300 |
_a447 p. _bcol. : ill. ; _c25 cm. |
||
| 521 | _a | ||
| 541 | _j1 | ||
| 562 | _e1 | ||
| 942 |
_2lcc _cBK-GR _kREF |
||
| 999 |
_c3729 _d3729 |
||